000 00495nam a2200181 4500
001 27243
005 20230411085954.0
008 060907n1995 dr spa
020 _a8420628123
035 _9funglode27448
041 _aES
100 _aBeyme, Klaus von
245 1 3 _aLa clase polĂ­tica en el estado de partidos /
_cKlaus Von Beyme
260 _aMadrid :
_bAlianza Editorial,
_c1995
300 _a224 p.
440 _aCol. Alianza Editorial ;
_v812
942 _2lcc
_cbk
999 _c110255
_d110255